Actualidad de los derechos humanos (Parte I)
En este artículo se dice, con respecto a los derechos humanos, que ahora se han empezado a denunciar otro tipo de violaciones y, aunque su realización no es nada nuevo, antes no se traducían en reclamos visibles por falta de conocimiento, temor u oportunidad. En este momento, la propuesta fundamenta...
Guardado en:
| 格式: | Texto |
|---|---|
| 主題: | |
| 標簽: |
添加標簽
沒有標簽, 成為第一個標記此記錄!
|
MARC
| LEADER | 00000 a a2200000 04500 | ||
|---|---|---|---|
| 001 | 6343 | ||
| 003 | |||
| 040 | |||
| 245 | |a Actualidad de los derechos humanos (Parte I) | ||
| 520 | |a En este artículo se dice, con respecto a los derechos humanos, que ahora se han empezado a denunciar otro tipo de violaciones y, aunque su realización no es nada nuevo, antes no se traducían en reclamos visibles por falta de conocimiento, temor u oportunidad. En este momento, la propuesta fundamental es la de un eficaz funcionamiento institucional interno que le dé respuesta a tales demandas y que de esa forma avance en su consolidación. Se señalan: la primera edición del Curso Interamericano SOCIEDAD CIVIL Y DERECHOS HUMANOS en Costa Rica, los aportes hechos por la socióloga venezolana Ligia Bolívar y la exposición del que fue primer defensor de los habitantes en Costa Rica, Rodrigo Alberto Carazo. /MSD | ||
| 650 | |a DERECHOS HUMANOS | ||
| 650 | |a SOCIEDAD CIVIL | ||
| 773 | |g volumen 20, número 892; páginas 14-16 | ||
| 999 | |c 31265 |d 31265 | ||
